000
00270nam a2200097Ia 4500
008
230915s9999 xx 000 0 und d
050
_a
BD 21.P65 2000
100
_a
POJMAN,LOUIS P.
245
0
_a
INTRODUCTION TO PHILOSOPHY;CLASSICAL AND CONTEMPORARY READINGS
942
_c
BK
999
_c
63801
_d
63801